Detalles MARC
| 000 -CABECERA |
| campo de control de longitud fija |
01680nam a2200373 i 4500 |
| 003 - IDENTIFICADOR DEL NÚMERO DE CONTROL |
| campo de control |
DO-SdBNP |
| 005 - FECHA Y HORA DE LA ÚLTIMA TRANSACCIÓN |
| campo de control |
20250402114410.0 |
| 007 - CAMPO FIJO DE DESCRIPCIÓN FÍSICA--INFORMACIÓN GENERAL |
| campo de control de longitud fija |
ta |
| 008 - DATOS DE LONGITUD FIJA--INFORMACIÓN GENERAL |
| campo de control de longitud fija |
250402b2024 dr a c 000 0 spa d |
| 020 ## - NÚMERO INTERNACIONAL ESTÁNDAR DEL LIBRO |
| Número Internacional Estándar del Libro |
9789945245486 |
| 040 ## - FUENTE DE LA CATALOGACIÓN |
| Centro catalogador/agencia de origen |
DO-SdBNP |
| Lengua de catalogación |
spa |
| Centro/agencia transcriptor |
BNPHU |
| Normas de descripción |
rda |
| 082 #4 - NÚMERO DE LA CLASIFICACIÓN DECIMAL DEWEY |
| Número de clasificación |
RD863.4 |
| Número de documento/Ítem |
S237 |
| Número de edición |
22 |
| 100 1# - ENTRADA PRINCIPAL--NOMBRE DE PERSONA |
| Nombre de persona |
Santos, Dulce Elvira de los |
| 9 (RLIN) |
43394 |
| Término indicativo de función/relación |
autora |
| Código de función/relación |
aut. |
| 245 14 - MENCIÓN DE TÍTULO |
| Título |
Nana y Lorenzo o la fuerza del amor / |
| Mención de responsabilidad, etc. |
Dulce Elvira de los Santos ; ilustraciones, Guillermo Pérez ; corrección de estilo, Gisela Vargas Ortega ; edición, Jorge Luis Zamora. |
| 250 ## - MENCIÓN DE EDICIÓN |
| Mención de edición |
Primera edición |
| 264 #4 - PRODUCCIÓN, PUBLICACIÓN, DISTRIBUCIÓN, FABRICACIÓN Y COPYRIGHT |
| Producción, publicación, distribución, fabricación y copyright |
Santo Domingo : |
| Nombre del de productor, editor, distribuidor, fabricante |
Santillana Infantil y Juvenil, |
| Fecha de producción, publicación, distribución, fabricación o copyright |
©2024. |
| 300 ## - DESCRIPCIÓN FÍSICA |
| Extensión |
37 páginas : |
| Otras características físicas |
ilustraciones : |
| Dimensiones |
20 cm. |
| 336 ## - TIPO DE CONTENIDO |
| Término de tipo de contenido |
texto |
| Código de tipo de contenido |
txt |
| Fuente |
rdacontent |
| 337 ## - TIPO DE MEDIO |
| Nombre/término del tipo de medio |
sin mediación |
| Código del tipo de medio |
n |
| Fuente |
rdamedia |
| 338 ## - TIPO DE SOPORTE |
| Nombre/término del tipo de soporte |
volumen |
| Código del tipo de soporte |
nc |
| Fuente |
rdacarrier |
| 490 0# - MENCIÓN DE SERIE |
| Mención de serie |
Loqueleo |
| 490 0# - MENCIÓN DE SERIE |
| Mención de serie |
Morada |
| -- |
Cuento |
| Designación de volumen o secuencia |
8 |
| 500 ## - NOTA GENERAL |
| Nota general |
Incluye datos biográficos de la autora en las páginas 36-37. |
| 520 ## - SUMARIO, ETC. |
| Sumario, etc. |
Con un estilo emotivo y lleno de detalles, Dulce Elvira nos sumerge en el mundo fascinante de los elefantes, y nos muestra la belleza y la grandeza de estos majestuosos animales a través de la amistad de la elefanta Nana y Lorenzo, un valiente conservacionista. |
| 521 ## - NOTA DE PÚBLICO DESTINATARIO |
| Nota de público destinatario |
Jóvenes a partir de 8 años. |
| 590 ## - NOTA LOCAL (RLIN) |
| Nota local |
Inventariado, 2025/ YL |
| 650 #4 - PUNTO DE ACCESO ADICIONAL DE MATERIA--TÉRMINO DE MATERIA |
| Término de materia o nombre geográfico como elemento de entrada |
Cuentos infantiles dominicanos |
| 9 (RLIN) |
84578 |
| 650 #4 - PUNTO DE ACCESO ADICIONAL DE MATERIA--TÉRMINO DE MATERIA |
| Término de materia o nombre geográfico como elemento de entrada |
Literatura infantil dominicana |
| 9 (RLIN) |
84579 |
| 700 1# - PUNTO DE ACCESO ADICIONAL--NOMBRE DE PERSONA |
| Nombre de persona |
Pérez, Guillermo |
| Término indicativo de función/relación |
ilustraciones |
| 9 (RLIN) |
29569 |
| Código de función/relación |
il. |
| 700 1# - PUNTO DE ACCESO ADICIONAL--NOMBRE DE PERSONA |
| Nombre de persona |
Vargas Ortega, Gisela, |
| Término indicativo de función/relación |
corrección de estilo |
| 9 (RLIN) |
65096 |
| Código de función/relación |
corr. |
| 700 1# - PUNTO DE ACCESO ADICIONAL--NOMBRE DE PERSONA |
| Nombre de persona |
Zamora, Jorge Luis, |
| Término indicativo de función/relación |
edición |
| 9 (RLIN) |
42960 |
| Código de función/relación |
ed. |
| 910 ## - DATOS DE OPCIÓN DEL USUARIO (OCLC) |
| Datos de opción del usuario |
YLockward |
| 942 ## - ELEMENTOS DE PUNTO DE ACCESO ADICIONAL (KOHA) |
| Fuente del sistema de clasificación o colocación |
Dewey Decimal Classification |
| Tipo de ítem Koha |
Folleto |